Biblioteca

Planeación del desarrollo Local : una experiencia de participación ciudadana en la Comuna 7 - Robledo / Alcaldía de Medellín (Registro nro. 44891)

Detalles MARC
000 -LÍDER
Campo fijo de descripción fija 010090000a22002170004500
020 ## - NÚMERO INTERNACIONAL NORMALIZADO PARA LIBROS
Número Internacional Normalizado del libro 978-958-8599-55-7
041 0# - CÓDIGO DE IDIOMA
Código de idioma para texto/pista de sonido o título separado
082 04 - NÚMERO DE CLASIFICACIÓN DECIMAL DEWEY
Número de clasificación G 307.3364 A346p
001 - NÚMERO DE CONTROL
Campo de control 18458
110 1# - ASIENTO PRINCIPAL--NOMBRE CORPORATIVO
Nombre corporativo o de jurisdicción como elemento de entrada Alcaldía de Medellín
245 10 - TÍTULO
Título del Material Planeación del desarrollo Local : una experiencia de participación ciudadana en la Comuna 7 - Robledo / Alcaldía de Medellín
260 ## - PUBLICACIÓN, DISTRIBUCIÓN, ETC. (PIE DE IMPRENTA)
Lugar de publicación, distribución, etc. Medellín, Colombia : Esumer
300 ## - DESCRIPCIÓN FÍSICA
Extensión 321 p.
336 ## - CONTENT TYPE
Content type term texto
Content type code txt
Source rdacontent
337 ## - MEDIA TYPE
Source rdamedia
Media type term sin mediación
Media type code n
338 ## - CARRIER TYPE
Source rdacarrier
Carrier type term volumen
Carrier type code nc
501 ## - NOTA DE “CON”
Nota de Contenido rústico
505 00 - NOTA DE CONTENIDO
Nota de contenido con formato preestablecido Un marco conceptual para el desarrollo local participativo -- Sustentación del modelo -- Principios -- Criterios -- Orientación del modelo -- Referentes estratégicos -- Características del modelo -- Enfoque -- Propósito del modelo de gestión Integral -- Dimensiones y componentes -- Análisis estructural -- Metodología de trabajo -- Gráficas -- Tablas
650 14 - ASIENTO SECUNDARIO DE MATERIA - TERMINO TEMÁTICO
Término temático o nombre geográfico como elemento de entrada DESARROLLO DE LA COMUNIDAD - ROBLEDO
942 ## - TIPO DE MATERIAL (KOHA)
Tipo de Item KOHA Libros General
Existencias
Estado de Material Estado de Perdido Estado de Dañado No para Préstamo Colección Tomo Biblioteca de Origen Biblioteca Permanente Fecha de Adquisición Total de Préstamos Signatura Topográfica Código de Barras Última vez visto Última vez Préstado Ejemplar/Existencia Fecha de Remplazo Tipo de Material
        Colección General   Biblioteca FUSBC Biblioteca FUSBC 09/06/2014 3 G 307.3364 A346p 18450 12/12/2019 09/10/2017 1 26/01/2016 Libros General

Biblioteca FUSBC | Teléfono: (57+4) 349 88 10 Ext. 141| WhatsApp (+57) 3005338115 
E-mail: biblioteca@unisbc.edu.co | Calle 76 87-14 Robledo Palenque, Medellín, Colombia

Con tecnología Koha